Statistics for Top 4 Most Goals World Cup Team (All Time)

Click here to take the quiz!

General Stats

  • This quiz has been taken 546 times
  • The average score is 23 of 27

Answer Stats

Answer% Correct
Brazil
100%
Germany
99%
Argentina
98%
France
98%
Italy
97%
Spain
96%
England
95%
Uruguay
95%
Netherlands
94%
Portugal
92%
Sweden
88%
United States
88%
Belgium
87%
Chile
85%
Colombia
82%
Hungary
81%
Croatia
80%
Poland
78%
Soviet Union
78%
Yugoslavia
78%
Turkey
77%
Austria
74%
Czechoslovakia
70%
Bulgaria
68%
West Germany
68%
Peru
63%
Romania
62%

Score Distribution

Percentile by Number Answered

Percent of People with Each Score

Your Score History

You have not taken this quiz